000
00308nam a2200121Ia 4500
008
191201s2012 xx 000 0 und d
100
_a
DUMAS, Alexandra
245
0
_a
The Count of Monte Cristo
260
_b
KALYANI NAVYUG MEDIA PVT LTD
_c
2012
300
_a
154
650
_a
General Books
942
_2
ddc
_c
BK
999
_c
6779
_d
6779